Statistical workbook for social scientists (Record no. 28018)

MARC details
000 -LEADER
fixed length control field 00311nam a2200121Ia 4500
082 ## - DEWEY DECIMAL CLASSIFICATION NUMBER
Classification number 31:301
Item number FUL
100 ## - MAIN ENTRY--AUTHOR NAME
Personal name Fuller, M F
245 #0 - TITLE STATEMENT
Title Statistical workbook for social scientists
260 ## - PUBLICATION, DISTRIBUTION, ETC. (IMPRINT)
Place of publication Oxford
Name of publisher Philip Alan
Year of publication 1977
700 ## - ADDED ENTRY--PERSONAL NAME
Personal name Lury, D A
942 ## - ADDED ENTRY ELEMENTS (KOHA)
Koha item type Books
Holdings
Withdrawn status Lost status Damaged status Not for loan Home library Current library Date acquired Cost, normal purchase price Full call number Accession Number Koha item type
        RRII Library RRII Library 16/12/2021 7.00 31:301 FUL 08633 Books